The New Magna Carta: A tale of Judicial Tyranny (Record no. 1311877)

MARC details
000 -LEADER
fixed length control field 00497nam a2200169Ia 4500
005 - DATE AND TIME OF LATEST TRANSACTION
control field 20250611121840.0
008 - FIXED-LENGTH DATA ELEMENTS--GENERAL INFORMATION
fixed length control field 008 250505s9999 xx 000 0 eng d
020 ## - INTERNATIONAL STANDARD BOOK NUMBER
International Standard Book Number 9789390644919
040 ## - CATALOGING SOURCE
Language of cataloging eng
Transcribing agency ILCL
041 ## - LANGUAGE CODE
Language code of text/sound track or separate title eng
Source of code eng
100 ## - MAIN ENTRY--PERSONAL NAME
Personal name Gauba, K L
245 #4 - TITLE STATEMENT
Title The New Magna Carta: A tale of Judicial Tyranny
260 ## - PUBLICATION, DISTRIBUTION, ETC.
Place of publication, distribution, etc. Delhi
Name of publisher, distributor, etc. Law and Justice Publishing Company
Date of publication, distribution, etc. 2022
300 ## - PHYSICAL DESCRIPTION
Extent xii,237p.
700 ## - ADDED ENTRY--PERSONAL NAME
Personal name Chandran, Sharath (Ed.)
942 ## - ADDED ENTRY ELEMENTS (KOHA)
Koha item type Textbook
Source of classification or shelving scheme
700 ## - ADDED ENTRY--PERSONAL NAME
-- 754456
999 ## -
-- 1311877
-- 1311877
Holdings
Withdrawn status Lost status Source of classification or shelving scheme Damaged status Not for loan Home library Current library Source of acquisition Cost, normal purchase price Inventory number Total checkouts Full call number Barcode Date last seen Price effective from Koha item type
    Colon Classification (CC)     Integrated Law Course library Integrated Law Course library Apple Books 395.00 003 dt. 03-07-2024   Z2:y7.N44 R2 IL1863037 2025-05-06 2025-05-06 Textbook
    Colon Classification (CC)     Integrated Law Course library Integrated Law Course library Singhal Publications 395.00 2538 dt.26-06-2024   Z2:y7.N44 R2 IL1863810 2025-05-06 2025-05-06 Textbook
Copyright @ Delhi University Library System